000 00993cam a2200325 a 4500
999 _c47689
_d47689
001 1491594
005 20190807131024.0
008 880212m19891997nyua b 001 0 eng
010 _a 88003714
020 _a082450755X :
020 _a0824507568
040 _aDLC
_cDLC
_dDLC
043 _aa-ii---
245 0 0 _aHindu spirituality /
_cedited by Krishna Sivaraman.
260 _aNew York :
_bCrossroad,
_c1989.
300 _axliv, 447p.
_bill. ;
_c24 cm.
336 _atext
337 _aunmediated
338 _avolume
440 0 _aWorld spirituality ;
_vv. 6-7
500 _aVol. 2 edited by K. R. Sundararajan and Bithika Mukerji.
504 _aIncludes bibliographical references and index.
505 0 _av. 1. Vedas through Vedanta -- v. 2. Postclassical and modern.
650 0 _aHinduism
_xDoctrines.
650 0 _aSpiritual life
_xHinduism.
700 1 _aSivaraman, Krishna.
700 1 _aSundararajan, K. R.
700 1 _aMukerji, Bithika.
942 _2lcc
_cBK